Регионална библиотека "Любен Каравелов" - Русе

Синдикът в производството по несъстоятелност по Търговския закон (Запис номер 185965)

MARC детайли
000 -Лидер
Контролно поле с фиксирана дължина 01665nam a2200373 c 4500
003 - Код на организацията, давaща контролен номер
Контролно поле BLK
005 - Дата и час на последна редакция
Контролно поле 20180421000351.0
008 - Елементи от данни с фиксирана дължина
fixed length control field 180411b bul|||||r ||||||| ||bul||
010 ## - Наследен системен номер
LC control number KNG00194959000
020 ## - Международен стандартен номер на книга ISBN
Международен стандартен номер на книга ISBN 978-954-28-2123-6
-- издат.: Сиела Норма
040 ## - Източник на каталожния запис
Идентификатор на билиотеката - собственик на записа BLK
041 ## - Код за език
Код за езика на текст/звукозапис или на отделно заглавие Български
Код за езика КДБФ Български
072 #7 - Код за тематичната категория
Код организация bullib
Код за тематична категория Н34
Текст Право Н
080 ## - УДК
Текстов определител УДК Финансово право. Търговско дело. Митническо право. Данъчно право. Инвестиционни фондове. Борси, търговски посредници, банково дело, кредит, закупуване и др.
УДК код - определител по УДК 347.73
УДК определител
УДК - код + определител 347.73
100 1# - Редна дума - Автор
Автор Маданска, Нели Димитрова
Авторска отговорност първи автор
R(LIN) 299018
139 ## - Редно поле
Редна дума Маданска, Нели Димитрова
Авторски знак Мад - М 14
245 10 - Сведения за заглавието
Заглавие Синдикът в производството по несъстоятелност по Търговския закон
Редно поле (дума) Нели Димитрова Маданска.
257 ## - Страна на издаване
Страна на създаване/издаване България
260 ## - Област на издателските данни
-- София
Име на издателя, разпространителя и проч. Сиела Норма
Година на издаване 2016
Печатница София : Алианс принт
300 ## - Физическа характеристика
Страници 360 с.
Размери/Мащаб 21 см
380 ## - Жанр
Жанр Обществени науки
500 ## - Общи забележки
Забележка Библиогр. с. 351-359.
650 #4 - Допълнително описание по предмет – тема
Основно описание – тема или топоним Несъстоятелност
9 (RLIN) 164240
650 #4 - Допълнително описание по предмет – тема
Основно описание – тема или топоним Търговско право
9 (RLIN) 248222
653 ## - Ключова дума – ненормативна
Ключова дума несъстоятелност
653 ## - Ключова дума – ненормативна
Ключова дума търговско право
653 ## - Ключова дума – ненормативна
Ключова дума синдици
659 ## - Тематичен бюлетин
Тематичен бюлетин Н
852 ## - Местоположение
Форматна сигнатура Цб 282972
856 4# - Електронен адрес и достъп
Електронен формат pdf - файл
Път до файла /url/
856 4# - Електронен адрес и достъп
Електронен формат pdf - файл
Път до файла /url/
942 ## - АРТИКУЛИ
Вид на библиотечния материал Книги
Скрит в OPAC Не
944 ## - СЪЗДАВАНЕ И РЕДАКЦИЯ на ЗАПИСА
Създаване/Редакция Създаване
Дата на регистрацията/редакция 02.11.2016
Статус, дата на статуса ф /
Служител, извършил регистрацията/редакцията Виолета_Тройчева
944 ## - СЪЗДАВАНЕ И РЕДАКЦИЯ на ЗАПИСА
Създаване/Редакция Редакция
Дата на регистрацията/редакция 10.11.2016
Статус, дата на статуса ф /
Служител, извършил регистрацията/редакцията Людмила_Стоянова
999 ## - СИСТЕМНИ КОНТРОЛНИ НОМЕРА
Koha biblionumber 185965
Koha biblioitemnumber 185965
Наличности
Код за отписване Код за изгубен артикул Код за повреда Коз за рестрикции Код за отдаване Артикулен № Име на библиотеката - собственик Име на библиотеката, в която се намира в момента Статус (Текущо местоположение) Дата на вписване в системата Местоположение - отдел Цена в лева Инвентарен номер Систематично азбучна сигнатура Баркод Номер на екземпляра Цена в евро Служебна бележка Служебен тип на артикула
  Не е изгубен Не е повреден без рестрикции ползва се в читалня 323131 Регионална библиотека "Любен Каравелов" Русе Регионална библиотека "Любен Каравелов" Русе Читалня 2016-11-03 Читалня 16.00 120000805430 Ч 347/М 14 120000805430 1 8.18 Дост: Pk Вид: Ф N: 1484 Дата: 01.11.2016 Дата инв: 14.03.2017 Бележки инв: Ч2017 Книги
Vip Innovations Ltd, Rousse, Bulgaria 2025